Automatic Control Engineering (Record no. 16941)
[ view plain ]
| 000 -LEADER | |
|---|---|
| fixed length control field | 00401nam a2200169Ia 4500 |
| 003 - CONTROL NUMBER IDENTIFIER | |
| control field | OSt |
| 005 - DATE AND TIME OF LATEST TRANSACTION | |
| control field | 20240217124253.0 |
| 008 - FIXED-LENGTH DATA ELEMENTS--GENERAL INFORMATION | |
| fixed length control field | 170619s9999 xx 000 0 und d |
| 020 ## - INTERNATIONAL STANDARD BOOK NUMBER | |
| International Standard Book Number | 9780071136396 |
| 040 ## - CATALOGING SOURCE | |
| Transcribing agency | IIMT ENGINEERING COLLEGE |
| 100 ## - MAIN ENTRY--PERSONAL NAME | |
| Personal name | Raven- Francis H |
| 245 #0 - TITLE STATEMENT | |
| Title | Automatic Control Engineering |
| 260 ## - PUBLICATION, DISTRIBUTION, ETC. | |
| Name of publisher, distributor, etc. | Mc Graw Hill |
| 260 ## - PUBLICATION, DISTRIBUTION, ETC. | |
| Date of publication, distribution, etc. | 1995 |
| 546 ## - LANGUAGE NOTE | |
| Language note | ENGLISH |
| 942 ## - ADDED ENTRY ELEMENTS (KOHA) | |
| Source of classification or shelving scheme | |
| Koha item type | Book Bank |
| Withdrawn status | Lost status | Source of classification or shelving scheme | Damaged status | Not for loan | Home library | Current library | Date acquired | Source of acquisition | Total Checkouts | Barcode | Date last seen | Price effective from | Koha item type |
|---|---|---|---|---|---|---|---|---|---|---|---|---|---|
| IIMT Engineering College-BTech | IIMT Engineering College-BTech | 11/13/2003 | 1 | 06-B-6813 | 07/03/2017 | 07/03/2017 | Text-Book- for 7 days | ||||||
| IIMT Engineering College-BTech | IIMT Engineering College-BTech | 11/13/2003 | 1 | 06-B-6814 | 07/03/2017 | 07/03/2017 | Text-Book- for 7 days | ||||||
| IIMT Engineering College-BTech | IIMT Engineering College-BTech | 11/13/2003 | 1 | 06-B-6815 | 07/03/2017 | 07/03/2017 | Text-Book- for 7 days | ||||||
| IIMT Engineering College-BTech | IIMT Engineering College-BTech | 11/13/2003 | 1 | 06-B-6816 | 07/03/2017 | 07/03/2017 | Text-Book- for 7 days | ||||||
| IIMT Engineering College-BTech | IIMT Engineering College-BTech | 11/13/2003 | 1 | 06-B-6817 | 07/03/2017 | 07/03/2017 | Text-Book- for 7 days |

